000 00689nam a2200253Ia 4500
001 35699
005 20240114001826.0
007 ta
008 070328s1876 a g b000 u 465 u
020 _cHB
040 _aCotton College,Assam
041 _a465
082 _a491.25
_bEg 33 K
100 _aEggeling, Julius .
245 0 _aBibliotheca Indica: a Collection of Oriental Works /
_cJulius Eggeling.
_hTextual Documents
250 _a1st ed. /
260 _aCalcutta :
_bThe Asiatic Society of Bengal ,
_c1876.
300 _a361p. :
_bill ;
_c22cm .
653 _aLanguages
653 _aG-Languages
942 _2ddc
_cBK
999 _c35681
_d35681